000
00286nam a22001097a 4500
082
_a
380.0678TAN
100
_a
UNITED REPUBLIC OF TANZANIA
245
_a
TANZANIA TRANSPORT AND COMMUNICATIONS
260
_a
DAR ES SALAAM
_b
GOVERMENT PRINTER
_c
1979
300
_a
15P.
_b
ill;20cm
942
_c
BK
999
_c
19780
_d
19780